Countries by Alphabetical order on a map - Statistics

General Stats
  • This quiz has been taken 35 times
  • The average score is 101 of 197
Answers on the Map
Answers color-coded by a green-red scale on the quiz's map according to % correct below.
 
Answer Stats
Answer % Correct
Afghanistan
100%
Albania
100%
Algeria
92%
Angola
83%
Antigua and Barbuda
83%
Argentina
83%
Armenia
83%
Australia
83%
Austria
83%
Azerbaijan
83%
Bahamas
83%
Bahrain
83%
Bangladesh
83%
Barbados
83%
Belgium
83%
Benin
83%
Bolivia
83%
Botswana
83%
Andorra
79%
Belarus
79%
Belize
79%
Bhutan
79%
Bosnia And Herzegovina
75%
Burkina Faso
75%
Burundi
75%
Cameroon
75%
Canada
75%
Brazil
71%
Bulgaria
71%
Cambodia
71%
Central African Republic
71%
Chile
71%
China
71%
Comoros
71%
Brunei
67%
Chad
67%
Croatia
67%
Czech republic
67%
Cape verde
63%
Colombia
63%
Costa Rica
63%
Cyprus
63%
Denmark
63%
Dominica
63%
Dominican Republic
63%
El Salvador
63%
Eritrea
63%
Estonia
63%
Eswatini
63%
Fiji
63%
France
63%
Republic of the Congo
63%
Democratic Republic of The Congo
58%
Djibouti
58%
Ecuador
58%
Equatorial Guinea
58%
Ethiopia
58%
Cuba
54%
Egypt
54%
Finland
54%
Gabon
54%
Gambia
54%
Germany
54%
Greece
54%
Guinea
54%
Guinea Bissau
54%
Haiti
54%
Hungary
54%
Iceland
54%
Kazakhstan
54%
Kenya
54%
Honduras
50%
India
50%
Indonesia
50%
Iran
50%
Iraq
50%
Ireland
50%
Italy
50%
Jamaica
50%
Japan
50%
Kosovo
50%
Kyrgyzstan
50%
Laos
50%
Latvia
50%
Lesotho
50%
Liberia
50%
Libya
50%
Ghana
46%
Guyana
46%
Israel
46%
Jordan
46%
Kiribati
46%
Kuwait
46%
Lithuania
46%
Tajikistan
46%
Ukraine
46%
United Arab Emirates
46%
United Kingdom
46%
United States
46%
Uzbekistan
46%
Zambia
46%
Zimbabwe
46%
Guatemala
42%
Lebanon
42%
Liechtenstein
42%
Malawi
42%
Malaysia
42%
Maldives
42%
Mali
42%
Mongolia
42%
Morocco
42%
Mozambique
42%
Myanmar
42%
Namibia
42%
New Zealand
42%
Nicaragua
42%
Niger
42%
Nigeria
42%
North Korea
42%
North Macedonia
42%
Oman
42%
Palau
42%
Peru
42%
Poland
42%
Portugal
42%
Qatar
42%
Romania
42%
Rwanda
42%
Saint Vincent And the Grenadines
42%
Slovakia
42%
Slovenia
42%
South Africa
42%
South Korea
42%
South Sudan
42%
St Kitts And Nevis
42%
St Lucia
42%
Sudan
42%
Switzerland
42%
Syria
42%
Taiwan
42%
Uganda
42%
Vatican City
42%
Venezuela
42%
Yemen
42%
Georgia
38%
Grenada
38%
Ivory Coast
38%
Luxembourg
38%
Madagascar
38%
Malta
38%
Marshall Islands
38%
Mauritania
38%
Mauritius
38%
Mexico
38%
Micronesia
38%
Moldova
38%
Monaco
38%
Nauru
38%
Nepal
38%
Netherlands
38%
Norway
38%
Pakistan
38%
Panama
38%
Papua New Guinea
38%
Paraguay
38%
Philippines
38%
Russia
38%
Sao Tome And Principe
38%
Saudi Arabia
38%
Senegal
38%
Serbia
38%
Sierra Leone
38%
Somalia
38%
Spain
38%
Sweden
38%
Tanzania
38%
Thailand
38%
Togo
38%
Tonga
38%
Turkey
38%
Turkmenistan
38%
Uruguay
38%
Vanuatu
38%
Vietnam
38%
Montenegro
33%
Palestine
33%
Samoa
33%
San Marino
33%
Seychelles
33%
Singapore
33%
Solomon Islands
33%
Sri Lanka
33%
Suriname
33%
Timor Leste
33%
Tuvalu
33%
Tunisia
29%
Trinidad And Tobago
8%
No matching quizzes found
Score Distribution
Percent of People with Each Score
Percentile by Number Answered
Your Score History
You have not taken this quiz